Sporcle's Most Forgotten Answers Quiz Stats

Quiz Updated Feb 8, 2016

Challenge
Share
Tweet
Embed
Score 0/40 Timer 10:00
0 Plays Today
% Correct
Uranus
81.8%
Venus
81.8%
Saturn
81.7%
Neptune
80.5%
Jupiter
80.5%
Lip
56.8%
Nebraska
54.6%
Missouri
49.4%
Liechtenstein
48.6%
San Marino
48.3%
Connecticut
47.8%
Hip
44.6%
Kosovo
44.2%
Minnesota
44.1%
Moldova
42.8%
Montenegro
40.2%
Rib
39.1%
Jacksonville Jaguars
36.1%
Massachusetts
33.9%
Brunei
33.9%
% Correct
Millard Fillmore
33.1%
Jaw
32.3%
Franklin Pierce
31.8%
Los Angeles Rams
30.6%
Kyrgyzstan
30.4%
Timor-Leste
30.2%
Chester A. Arthur
29.8%
Bahrain
29.5%
Rutherford B. Hayes
29.4%
Buffalo Bills
28.4%
Tampa Bay Buccaneers
27.5%
Gum
26.9%
Warren G. Harding
26.3%
Maldives
26.3%
Kansas City Chiefs
26%
Monsters University
25.5%
Ratatouille
24.8%
The Good Dinosaur
23.1%
Inside Out
19.5%
Finding Dory
14.7%

You're not logged in!

Compare scores with friends on all Sporcle quizzes.
Sign Up with Email
OR
Log In

You Might Also Like...

Show Comments

Extras

Top Quizzes Today


Score Distribution

Your Account Isn't Verified!

In order to create a playlist on Sporcle, you need to verify the email address you used during registration. Go to your Sporcle Settings to finish the process.